How the cold war transformed Philosophy of Science (Record no. 131051)
[ view plain ]
| 000 -LEADER | |
|---|---|
| fixed length control field | 00678nam a22001817a 4500 |
| 008 - FIXED-LENGTH DATA ELEMENTS--GENERAL INFORMATION | |
| fixed length control field | 211101b ||||| |||| 00| 0 eng d |
| 020 ## - INTERNATIONAL STANDARD BOOK NUMBER | |
| International Standard Book Number | 0521546893 |
| 050 ## - LIBRARY OF CONGRESS CALL NUMBER | |
| Classification number | Q174.8.R45 2005 |
| 100 ## - MAIN ENTRY--PERSONAL NAME | |
| Personal name | Reisch, George A. |
| 9 (RLIN) | 50829 |
| 245 ## - TITLE STATEMENT | |
| Title | How the cold war transformed Philosophy of Science |
| Remainder of title | to the icy slopes of logic |
| Statement of responsibility, etc | /by George Reisch A. |
| 260 ## - PUBLICATION, DISTRIBUTION, ETC. (IMPRINT) | |
| Place of publication, distribution, etc | Cambridge: |
| Name of publisher, distributor, etc | Cambridge University Press, |
| Date of publication, distribution, etc | 2005. |
| 300 ## - PHYSICAL DESCRIPTION | |
| Extent | xiv, 418p. |
| Dimensions | 23cm. |
| 650 ## - SUBJECT ADDED ENTRY--TOPICAL TERM | |
| Topical term or geographic name as entry element | Science |
| General subdivision | Philosophy |
| -- | History |
| Chronological subdivision | 20th century |
| 9 (RLIN) | 19052 |
| 650 ## - SUBJECT ADDED ENTRY--TOPICAL TERM | |
| Topical term or geographic name as entry element | Cold war |
| General subdivision | Influence |
| 9 (RLIN) | 50830 |
| 650 ## - SUBJECT ADDED ENTRY--TOPICAL TERM | |
| Topical term or geographic name as entry element | United States |
| General subdivision | Intellectual life |
| Chronological subdivision | 20 century |
| 9 (RLIN) | 50831 |
| 650 ## - SUBJECT ADDED ENTRY--TOPICAL TERM | |
| Topical term or geographic name as entry element | Logical positivism |
| 9 (RLIN) | 5718 |
| 942 ## - ADDED ENTRY ELEMENTS (KOHA) | |
| Source of classification or shelving scheme | Library of Congress Classification |
| Item type | Monograph ( Printed materials) |
| Withdrawn status | Lost status | Source of classification or shelving scheme | Damaged status | Not for loan | Collection code | Home library | Current library | Shelving location | Date acquired | Total Checkouts | Full call number | Barcode | Date last seen | Copy number | Price effective from | Koha item type |
|---|---|---|---|---|---|---|---|---|---|---|---|---|---|---|---|---|
| Library of Congress Classification | Main Collection | ARRUPE LIBRARY | ARRUPE LIBRARY | Main Collection | 01/11/2021 | Q174.8.R45 2005 | 46600007718 | 01/11/2021 | 1 | 01/11/2021 | Monograph ( Printed materials) |